Länder der EU Quiz - Statistiken

Allgemein
  • Dieses Quiz wurde 56.105 mal gespielt
  • Das Durchschnittsergebnis liegt bei 23 aus 27
Antwortstatistiken
Land % Korrekt
Deutschland
99%
Frankreich
96%
Spanien
96%
Italien
94%
Österreich
94%
Belgien
93%
Polen
93%
Portugal
93%
Schweden
93%
Niederlande
91%
Finnland
90%
Dänemark
89%
Estland
87%
Kroatien
87%
Luxemburg
87%
Tschechien
87%
Griechenland
86%
Lettland
86%
Litauen
84%
Slowakei
84%
Slowenien
84%
Ungarn
84%
Irland
80%
Bulgarien
79%
Rumänien
77%
Malta
68%
Zypern
63%
Keine übereinstimmenden Quizze gefunden
Verteilung der Resultate
Anzahl Personen mit jedem Resultat
Perzentil nach korrekt beantworteten Fragen
Ihre Resultats-Entwicklung
Sie haben dieses Quiz noch nicht gespielt